[Event "Brno op 6th"]
[Site "Brno"]
[Date "2015.11.14"]
[Round "1"]
[White "Mikalsen, Erlend"]
[Black "Arend, Michal"]
[Result "1-0"]
[WhiteElo "2315"]
[BlackElo "1853"]
[PlyCount "81"]
[EventDate "2015.11.14"]
[EventType "swiss"]
[EventRounds "9"]
[EventCountry "CZE"]
[SourceTitle "CBM 169 Extra"]
[Source "ChessBase"]
[SourceDate "2015.12.18"]
[SourceVersion "1"]
[SourceVersionDate "2015.12.18"]
[SourceQuality "1"]

1. e4 d6 2. d4 Nf6 3. Nc3 g6 4. Nf3 Bg7 5. Be2 0-0 6. 0-0 Bg4 7. Be3 Nbd7 8. h3 Bxf3 9. Bxf3 e5 10. dxe5 Nxe5 11. Be2 Qe7 12. Bg5 c6 13. f4 Ned7 14. Bf3 Rae8 15. Qe2 d5 16. e5 Qc5+ 17. Qf2 Nh5 18. Bxh5 gxh5 19. Rae1 Qxf2+ 20. Kxf2 f6 21. exf6 Nxf6 22. Kf3 Kf7 23. Bh4 b5 24. Rxe8 Rxe8 25. Re1 b4 26. Rxe8 Nxe8 27. Na4 Nd6 28. Bf2 Nb5 29. Ke2 Bf8 30. Nc5 d4 31. Ne4 c5 32. Bh4 h6 33. Ng3 c4 34. Nxh5 a5 35. Be1 a4 36. Kd1 c3 37. b3 axb3 38. axb3 Nd6 39. Bf2 Nf5 40. g4 Ne3+ 41. Bxe3 1-0

[Event "Klatovy op-B"]
[Site "Klatovy"]
[Date "2013.07.03"]
[Round "5"]
[White "Arend, Michal"]
[Black "Rychtecky, Pavel"]
[Result "0-1"]
[WhiteElo "1850"]
[BlackElo "1750"]
[PlyCount "80"]
[EventDate "2013.06.29"]
[EventType "swiss"]
[EventRounds "9"]
[EventCountry "CZE"]
[SourceTitle "EXT 2014"]
[Source "ChessBase"]
[SourceDate "2013.11.20"]
[SourceVersion "1"]
[SourceVersionDate "2013.11.20"]
[SourceQuality "1"]

1. Nf3 Nf6 2. g3 g6 3. Bg2 Bg7 4. 0-0 0-0 5. d3 d5 6. Nbd2 Nc6 7. c3 e5 8. Re1 Re8 9. e4 Bg4 10. Qc2 Qd7 11. a3 Rad8 12. b4 dxe4 13. dxe4 Qd3 14. Qb2 a6 15. Re3 Qd7 16. Ne1 Bh6 17. Rd3 Qe7 18. Nc4 Bxc1 19. Rxc1 Rxd3 20. Nxd3 Rd8 21. Qc2 Be6 22. Ndxe5 Nxe5 23. Nxe5 Qd6 24. f4 Qb6+ 25. Qf2 Qxf2+ 26. Kxf2 Rd2+ 27. Kf3 Nxe4 28. Kxe4 Rxg2 29. Nf3 Bg4 30. Ne5 Bf5+ 31. Ke3 Rxh2 32. g4 Be6 33. Rg1 f6 34. Nf3 Rh3 35. Ke4 c6 36. c4 Bxc4 37. Kd4 Bd5 38. Nd2 Rxa3 39. Ne4 Bxe4 40. Kxe4 Rb3 0-1

[Event "Klatovy op-B"]
[Site "Klatovy"]
[Date "2013.06.30"]
[Round "2"]
[White "Stech, Pavel"]
[Black "Arend, Michal"]
[Result "1/2-1/2"]
[WhiteElo "1471"]
[BlackElo "1850"]
[PlyCount "54"]
[EventDate "2013.06.29"]
[EventType "swiss"]
[EventRounds "9"]
[EventCountry "CZE"]
[SourceTitle "EXT 2014"]
[Source "ChessBase"]
[SourceDate "2013.11.20"]
[SourceVersion "1"]
[SourceVersionDate "2013.11.20"]
[SourceQuality "1"]

1. e4 d6 2. d4 Nf6 3. Nc3 g6 4. Bc4 c6 5. f3 b5 6. Bb3 Bb7 7. Be3 Nbd7 8. a3 Bg7 9. Qd2 0-0 10. 0-0-0 a5 11. Nge2 a4 12. Ba2 Qa5 13. Nf4 b4 14. Nce2 bxa3 15. bxa3 Rfb8 16. Qxa5 Rxa5 17. Kd2 Ba6 18. Rb1 Rab5 19. Nc3 Rxb1 20. Rxb1 Rxb1 21. Bxb1 Nb6 22. Ba2 Nfd7 23. h4 e5 24. Nfe2 Bc4 25. Bxc4 Nxc4+ 26. Kd3 Nxe3 27. Kxe3 Nb6 1/2-1/2

[Event "Zuerich op-B 35th"]
[Site "Zuerich"]
[Date "2011.12.30"]
[Round "7"]
[White "Arend, Michal"]
[Black "Koch, Hermann"]
[Result "1-0"]
[WhiteElo "1875"]
[BlackElo "2007"]
[PlyCount "89"]
[EventDate "2011.12.26"]
[EventType "swiss"]
[EventRounds "7"]
[EventCountry "SUI"]
[SourceTitle "CBM 146 Extra"]
[Source "ChessBase"]
[SourceDate "2012.02.29"]
[SourceVersion "1"]
[SourceVersionDate "2012.02.29"]
[SourceQuality "1"]

1. Nf3 d5 2. g3 Nf6 3. Bg2 c6 4. d3 Bf5 5. Nbd2 e6 6. 0-0 h6 7. c3 Nbd7 8. Qc2 Be7 9. e4 dxe4 10. dxe4 Bh7 11. Re1 0-0 12. b4 a5 13. Qb3 a4 14. Qb2 Qb6 15. a3 Rfd8 16. e5 Ne8 17. h4 Qa6 18. Bf1 Bd3 19. c4 Bxf1 20. Kxf1 Nb6 21. Qc2 Rd7 22. Bb2 Rad8 23. Re4 g6 24. Kg2 Ng7 25. c5 Na8 26. Nc4 Nf5 27. Nd6 Nc7 28. Nd4 Bf8 29. Rh1 h5 30. g4 hxg4 31. Rxg4 Nd5 32. Rh3 Nh6 33. Re4 Bg7 34. Bc1 Nf5 35. N4xf5 exf5 36. Re1 f4 37. e6 Rxd6 38. exf7+ Kxf7 39. cxd6 Rxd6 40. Qe4 Qa8 41. Bxf4 Nxf4+ 42. Qxf4+ Rf6 43. Qc4+ Kf8 44. Rhe3 Rf7 45. Qc5+ 1-0

[Event "Tabor op"]
[Site "Tabor"]
[Date "2010.08.03"]
[Round "4"]
[White "Arend, Michal"]
[Black "Zadrapa, Radek"]
[Result "0-1"]
[WhiteElo "1869"]
[BlackElo "2049"]
[PlyCount "76"]
[EventDate "2010.08.01"]
[EventType "swiss"]
[EventRounds "9"]
[EventCountry "CZE"]
[SourceTitle "EXT 2012"]
[Source "ChessBase"]
[SourceDate "2011.11.24"]
[SourceVersion "1"]
[SourceVersionDate "2011.11.24"]
[SourceQuality "1"]

1. Nf3 Nf6 2. g3 d5 3. Bg2 g6 4. d3 Bg7 5. 0-0 0-0 6. Nbd2 c5 7. e4 e6 8. Re1 Nc6 9. Nf1 h6 10. exd5 exd5 11. c3 Be6 12. h3 Qd7 13. Kh2 Rfe8 14. g4 Qc7+ 15. Kh1 b5 16. Be3 c4 17. d4 a5 18. Qc1 g5 19. Ng3 b4 20. Qc2 Qc8 21. Re2 a4 22. Bd2 Bf8 23. Ne5 bxc3 24. bxc3 Rb8 25. Qxa4 Nxe5 26. dxe5 Nd7 27. Qc2 Nc5 28. f4 gxf4 29. Bxf4 Nd3 30. Rf1 Bxg4 31. hxg4 Qxg4 32. Bxd5 Nxf4 33. Rh2 Nxd5 34. Nf5 Bg7 35. Nxg7 Rxe5 36. Nf5 Rxf5 37. Qxf5 Qxf5 38. Rxf5 Rb1+ 0-1

[Event "Tabor op"]
[Site "Tabor"]
[Date "2010.08.02"]
[Round "3"]
[White "Arend, Michal"]
[Black "Siroky, Richard"]
[Result "1-0"]
[WhiteElo "1869"]
[BlackElo "1255"]
[PlyCount "60"]
[EventDate "2010.08.01"]
[EventType "swiss"]
[EventRounds "9"]
[EventCountry "CZE"]
[SourceTitle "EXT 2012"]
[Source "ChessBase"]
[SourceDate "2011.11.24"]
[SourceVersion "1"]
[SourceVersionDate "2011.11.24"]
[SourceQuality "1"]

1. Nf3 d5 2. g3 Nc6 3. Bg2 Nf6 4. 0-0 Bf5 5. d3 Qd7 6. c3 Bh3 7. b4 Bxg2 8. Kxg2 e6 9. b5 Na5 10. Qa4 b6 11. Ne5 Qc8 12. Nd2 Bd6 13. Ndf3 h6 14. Bb2 Nd7 15. Nxd7 Qxd7 16. c4 a6 17. Bxg7 Rh7 18. Bc3 axb5 19. cxb5 c6 20. Qg4 Ke7 21. bxc6 Nxc6 22. e4 Ra3 23. Rfc1 Bb4 24. Bxb4+ Nxb4 25. Ne5 Qd6 26. d4 Nxa2 27. Qg8 Nxc1 28. Rxc1 Rh8 29. Qxh8 b5 30. Nc6+ Kd7 1-0

[Event "Tabor op"]
[Site "Tabor"]
[Date "2010.08.01"]
[Round "1"]
[White "Arend, Michal"]
[Black "Paganik, Pavel"]
[Result "0-1"]
[WhiteElo "1869"]
[BlackElo "2266"]
[PlyCount "76"]
[EventDate "2010.08.01"]
[EventType "swiss"]
[EventRounds "9"]
[EventCountry "CZE"]
[SourceTitle "EXT 2012"]
[Source "ChessBase"]
[SourceDate "2011.11.24"]
[SourceVersion "1"]
[SourceVersionDate "2011.11.24"]
[SourceQuality "1"]

1. Nf3 d5 2. g3 c5 3. Bg2 Nc6 4. 0-0 e5 5. d3 Be7 6. e4 d4 7. Ne1 Nf6 8. f4 Bg4 9. Bf3 Qd7 10. Nd2 Bh3 11. Ng2 h5 12. Nc4 Ng4 13. fxe5 Ncxe5 14. Nxe5 Nxe5 15. Rf2 0-0-0 16. Bxh5 g5 17. Be2 Rh7 18. Ne1 f6 19. c3 Nc6 20. cxd4 Nxd4 21. Be3 Kb8 22. Bxd4 Qxd4 23. Qb3 c4 24. dxc4 Rd6 25. c5 Be6 26. cxd6 Bxb3 27. dxe7 Ba4 28. Rd1 Qe5 29. b3 Bc6 30. Rd8+ Kc7 31. e8Q Bxe8 32. Rxe8 Qxe8 33. Bd3 Qe5 34. Rc2+ Kb8 35. Nf3 Qa1+ 36. Kg2 g4 37. Nd2 Rd7 38. Bb5 Qd1 0-1

[Event "Kiel op-A 19th"]
[Site "Kiel"]
[Date "2006.07.26"]
[Round "7"]
[White "Seibicke, Ralf"]
[Black "Arend, Michal"]
[Result "0-1"]
[WhiteElo "2185"]
[BlackElo "1928"]
[PlyCount "59"]
[EventDate "2006.07.22"]
[EventType "swiss"]
[EventRounds "9"]
[EventCountry "GER"]
[SourceTitle "CBM 113 Extra"]
[Source "ChessBase"]
[SourceDate "2006.09.14"]
[SourceVersion "1"]
[SourceVersionDate "2006.09.14"]
[SourceQuality "1"]

1. Nf3 d5 2. g3 Nf6 3. Bg2 c6 4. 0-0 Bf5 5. d4 e6 6. c4 h6 7. Nc3 a5 8. Nd2 Bb4 9. e4 Bxc3 10. bxc3 dxe4 11. Ba3 Nbd7 12. Re1 c5 13. Nb3 0-0 14. Nxc5 Nxc5 15. Bxc5 Re8 16. f3 b6 17. Ba3 exf3 18. Bxf3 Rc8 19. Qa4 Qc7 20. Be2 Ne4 21. Rac1 Nxg3 22. Bf3 Bh3 23. Qc2 Nf5 24. c5 bxc5 25. Bxc5 Qf4 26. Qe4 Qg5+ 27. Kf2 Rb8 28. Rc2 Nh4 29. Qe3 Qf5 30. Qe4 0-1

[Event "Kiel op-A 19th"]
[Site "Kiel"]
[Date "2006.07.22"]
[Round "1"]
[White "Arend, Michal"]
[Black "Kaufeld, Juergen"]
[Result "0-1"]
[WhiteElo "1928"]
[BlackElo "2287"]
[PlyCount "82"]
[EventDate "2006.07.22"]
[EventType "swiss"]
[EventRounds "9"]
[EventCountry "GER"]
[SourceTitle "CBM 113 Extra"]
[Source "ChessBase"]
[SourceDate "2006.09.14"]
[SourceVersion "1"]
[SourceVersionDate "2006.09.14"]
[SourceQuality "1"]

1. Nf3 Nf6 2. c4 g6 3. Nc3 d5 4. cxd5 Nxd5 5. e4 Nxc3 6. bxc3 Bg7 7. d4 c5 8. Be3 Qa5 9. Qd2 0-0 10. Bc4 Nc6 11. Rb1 a6 12. 0-0 cxd4 13. Nxd4 Nxd4 14. Bxd4 Qc7 15. Qe2 b5 16. Bd5 Rb8 17. e5 Rd8 18. Qf3 e6 19. Be4 Bxe5 20. Bxe5 Qxe5 21. Rfd1 Bd7 22. Bb7 a5 23. Rd4 Be8 24. Rbd1 Rxd4 25. cxd4 Qg5 26. Bc6 Kg7 27. Bxe8 Rxe8 28. Qc6 Rd8 29. h3 Qd5 30. Qb6 e5 31. Qxa5 exd4 32. Qb4 Qc4 33. Qe7 Rd5 34. a3 d3 35. Qb4 Qxb4 36. axb4 Kf6 37. f4 Kf5 38. g3 Ke4 39. Kf2 Kd4 40. Kf3 Kc3 41. Ke4 Rd7 0-1